A magyarországi vörösiszap biohidrometallurgiai hasznosításának lehetősége és költség-haszon elemzése

Bibliográfiai részletek
Szerzők: Balogh Krisztián Zoltán
Hegedűs Szilárd
Dokumentumtípus: Könyv része
Megjelent: Budapesti Gazdaságtudományi Egyetem Budapest, Magyarország 2026
Sorozat:Szemelvények a BGE kutatásaiból IV. kötet
Tárgyszavak:
doi:10.29180/978-615-6886-28-6_1

Kulcsszavak:vörösiszap
ritkaföldfémek
biohidrometallurgia
másodlagos nyersanyag
Online Access:http://publikaciotar.uni-bge.hu/2649

MARC

LEADER 00000naa a2200000 i 4500
001 publ2649
005 20260401073514.0
008 260331s2026 hu o 000 zxx d
020 |a 978-615-6886-28-6 
024 |a 10.29180/978-615-6886-28-6_1  |2 doi 
040 |a BGE Publikációtár Repozitórium  |b hun 
100 1 |a Balogh Krisztián Zoltán 
245 1 2 |a A magyarországi vörösiszap biohidrometallurgiai hasznosításának lehetősége és költség-haszon elemzése  |c Balogh Krisztián Zoltán  |h [elektronikus dokumentum] 
260 |a Budapesti Gazdaságtudományi Egyetem  |b Budapest, Magyarország  |c 2026 
300 |a 1-10 
490 0 |a Szemelvények a BGE kutatásaiból IV. kötet 
520 3 |a Korunk technológiai fejlődését nagyban meghatározzák a nyersanyagok, és egyre nagyobb az ipar igénye a fémekre és ritkaföldfémekre, ugyanis ezek nélkülözhetetlen tulajdonságokkal rendelkeznek a modern és környezetbarát technológiák fejlesztésében. Cikkünkben megvizsgáljuk, hogy a Magyarországon is nagy mennyiségben tárolt vörösiszapot, miként lehet hasznosítani. A vörösiszap nagy mennyiségű fémes elemet tartalmaz, emellett ritka földfémek is megtalálhatók benne. Kinyerésük azonban jelenleg is kutatások tárgyát képezi. Kutatásunk során a legjobb hatásfokkal rendelkező és költséghatékony megoldást keressük. Biológiai módszereket vizsgálunk a fémek és ritkaföldfémek kinyerésére ezen módszerek fenntarthatóságával együtt. Továbbá megvitatjuk a módszerek jövedelmezőségét a jelenleg rendelkezésre álló források alapján. A kutatás során költséghaszon elemzést készítünk a jelenleg alkalmazott technológiák és a biohidrometallurgiai módszer összehasonlítására. Kiemelten vizsgáltuk kutatásunk során a hidrometallurgiai és biohidrometallurgiai módszereket. A vörösiszap biohidrometallurgiával történő hasznosítása közép- és hosszútávon igencsak jövedelmezővé válhat, ugyanis a ritkaföldfémek csökkenése miatt áremelkedés várható, valamint a hadiipari felhasználás miatt különösen értékessé válhat ez a másodnyersanyag. A cikkünkben vizsgált módszerek gazdasági logikája nem csupán a kinyert fémek értékén alapul, hanem egy sok milliárd forintos környezeti terhet és kockázatot alakít egy profittermelő, stratégiai fontosságú nemzeti erőforrássá alakít át. 
650 4 |a közgazdaságtudományok 
695 |a vörösiszap 
695 |a ritkaföldfémek 
695 |a biohidrometallurgia 
695 |a másodlagos nyersanyag 
700 1 |a Hegedűs Szilárd  |e aut 
856 4 0 |u https://publikaciotar.uni-bge.hu/id/eprint/2649/1/BGE%20Szemelv%C3%A9nyek%202025_1.cikk.pdf  |z Dokumentum-elérés